000 00599nam a2200205Ia 4500
005 20250508152916.0
008 008 250505s9999 xx 000 0 eng d
037 _aTextual
040 _aFEDL
_beng
_cFEDL
041 _aeng
_2eng
084 _a372.89, MID
_qFEDL
100 _aMidgley C
_9762727
245 0 _aMore peoples and other lands
250 _a3rd
260 _aEdinburgh
_bW. and A. K. Johnston and G. W. Ltd
_c1961
300 _a144p.
490 _aW. and A. K. Johnston's new picture geographies book 2
942 _cTEXL
_h372.89, MID
999 _c1339553
_d1339553